Kennzahlen und Formeln für die BWL

Enregistré dans:
Détails bibliographiques
Auteur principal: Althoff, Frank
Autres auteurs: Hanrath, Stephanie, Schmidt, Martin
Format: Livre
Langue:allemand
Publié: Stuttgart Schäffer-Poeschel Verlag 2013
Sujets:
Tags: Ajouter un tag
Pas de tags, Soyez le premier à ajouter un tag!

MARC

LEADER 00000nam a2200000 4500
001 0186347
005 20230109114613.0
020 |a 978-3-7910-3276-4 
041 0 |a ger 
044 |a DE 
245 1 0 |a Kennzahlen und Formeln für die BWL  |c Frank Althoff, Stephanie Hanrath, Martin Schmidt 
264 1 |a Stuttgart  |b Schäffer-Poeschel Verlag  |c 2013 
300 |a 156 s. 
610 2 0 |a hospodárstvo podnikové 
610 2 0 |a vzorce 
610 2 0 |a ukazovatele 
610 2 0 |a moduly 
100 1 |a Althoff, Frank 
700 1 |a Hanrath, Stephanie 
700 1 |a Schmidt, Martin